BASIC ELECTRICAL ENGINEERING AND INSTRUMENTATION FOR ENGINEERS (Record no. 574441)
[ view plain ]
| 000 -LEADER | |
|---|---|
| fixed length control field | 00369nam a22001337a 4500 |
| 020 ## - INTERNATIONAL STANDARD BOOK NUMBER | |
| International Standard Book Number | 0-00-383315-1 |
| 082 ## - DEWEY DECIMAL CLASSIFICATION NUMBER | |
| Classification number | 621.3 BEL'B |
| 100 ## - MAIN ENTRY--PERSONAL NAME | |
| Personal name | BELL, E. C, WHITEHEAD, R. W |
| 9 (RLIN) | 66467 |
| 245 ## - TITLE STATEMENT | |
| Title | BASIC ELECTRICAL ENGINEERING AND INSTRUMENTATION FOR ENGINEERS |
| 260 ## - PUBLICATION, DISTRIBUTION, ETC. | |
| Place of publication, distribution, etc. | LONDON |
| Name of publisher, distributor, etc. | COLLINS |
| Date of publication, distribution, etc. | 1987 |
| 300 ## - PHYSICAL DESCRIPTION | |
| Extent | 591P |
| 650 ## - SUBJECT ADDED ENTRY--TOPICAL TERM | |
| Topical term or geographic name entry element | ELECTRICAL ENGINEERING |
| 9 (RLIN) | 25345 |
| 942 ## - ADDED ENTRY ELEMENTS (KOHA) | |
| Koha item type | Book |
| Withdrawn status | Lost status | Damaged status | Not for loan | Permanent Location | Current Location | Shelving location | Date acquired | Total Checkouts | Full call number | Barcode | Date last seen | Price effective from | Koha item type |
|---|---|---|---|---|---|---|---|---|---|---|---|---|---|
| College of Electrical & Mechanical Engineering (CEME) | College of Electrical & Mechanical Engineering (CEME) | General Stacks | 07/31/2017 | 621.3 BEL'B | CEME-22733 | 06/28/2021 | 06/28/2021 | Book |
